Pokémon de la troisième génération - Mort subite - Statistiques

Statistiques générales
  • Ce quiz a été pris 77 fois
  • Le résultat moyen est 11 sur 15
Answers on the Grid
Answers color-coded by a green-red scale on the quiz's grid according to % correct below.
Goinfrex
Chartor
Goélise
Ixon
Anorith
Cacturne
Astronelle Gigamax
Mustébouée
Brouhabam
Ténéfix
Smogogo de Galar
Méga-Gallame
Kecleon
Manzaï
Serpang
Airmure
Latios
Tarinorme
Skelénox
Rosélia
Méga-Mysdibule
Laggron
Cheniti
Donphan
Goupix d'Alola
Vigoroth
Altaria
Dimoret
Milobellus
Hoopa
 
Statistiques - réponses
Réponse % Correct
Goélise
88%
Cacturne
86%
Chartor
82%
Ténéfix
82%
Kecleon
78%
Anorith
75%
Brouhabam
75%
Latios
71%
Serpang
69%
Laggron
63%
Skelénox
61%
Altaria
59%
Rosélia
57%
Milobellus
55%
Vigoroth
53%
Aucun quiz correspondant
Distribution des résultats
% des personnes avec chaque résultat
Percentile par nombre de réponses
Votre historique - résultats
Vous n’avez pas pris ce quiz